banner-ar

ANTHOLOGIE DES POETES DELAISSES DE JEAN MAROT A SAMUEL BECKETTE / (Record no. 16398)

MARC details
000 -الفاتح
حقل البيانات ثابتة الطول 00527nam a2200193Ia 4500
008 - عناصر البيانات ثابتة الطول - معلومات عامة
حقل البيانات ثابتة الطول 140319s9999 xx 000 0 eng d
040 ## - مصدر الفهرسة
وكالة الفهرسة الأصلية GCL /
وكالة النسخ GCL
082 04 - رقم تصنيف ديوى العشرى
رقم التصنيف 841
رقم المادة D A
100 1# - المدخل الرئيسى - إسم شخصى
الإسم الشخصى DAUZIER, PIERRE
245 10 - بيان العنوان
العنوان ANTHOLOGIE DES POETES DELAISSES DE JEAN MAROT A SAMUEL BECKETTE /
بيان المسئوليه,etc DAUZIER, PIERRE
700 1# - المدخل الاضافى - اسم شخصى
الإسم الشخصى LOMBARD, PAUL
260 ## - PUBLICATION, DISTRIBUTION, ETC. (IMPRINT)
تاريخ النشر أو التوزيع 1994
300 ## - الوصف المادى
التعداد 481 P
650 04 - المدخل الاضافى بالموضوع-مصطلح موضوعى
مصطلح موضوعي LITERATURE
650 04 - المدخل الاضافى بالموضوع-مصطلح موضوعى
مصطلح موضوعي FRENCH POETRY
650 04 - المدخل الاضافى بالموضوع-مصطلح موضوعى
مصطلح موضوعي FRENCH LITERATURE
942 ## - عناصر المدخل الإضافي( كوها)
مصدر التصنيف او مخطط الترفيف Dewey Decimal Classification
Koha [default] item type كتاب
260 ## - PUBLICATION, DISTRIBUTION, ETC. (IMPRINT)
-- [S.N] :
-- LA TABLE RONDE ،
Holdings
حالة التراجع حالة الفقد حالة تلف ليس للاعارة المكان المؤقت الموقع الحالى تاريخ الاكتساب اجمالي اﻻعارات رقم الطلب الباركود تاريخ اخر مشاهدة تاريخ تفعيل السعر نوع وعاء كوها
        مكتبة القاهرة الكبرى مكتبة القاهرة الكبرى 03/26/2014   841\D A 29812 03/26/2014 03/26/2014 كتاب

Powered By

EGPV